Skip to main content
Your cart is empty.
Your lists
Log in to create your own lists
Your cookies
العربية
English
العربية
Home
Search
Advanced search
Authority search
About
The noble scholar, jurist, historian
His Excellency Dr. Abdul Wahhab bin Ibrahim Abu Sulaiman, may Allah have mercy on him.
He was born in Umm Al-Qura in the year 1356 AH.
Library catalog
Title
Author
Subject
ISBN
ISSN
Series
Call number
Log in to your account
×
Login:
Password:
Home
MARC view: زبدة الأحكام في مذاهب الأئمة الأربعة الأعلام رضي الله عنهم أجمعين :
Normal view
MARC view
ISBD view
زبدة الأحكام في مذاهب الأئمة الأربعة الأعلام رضي الله عنهم أجمعين : (Record no. 419)
[
view plain
]
MARC details
000 -LEADER
fixed length control field
01654cam a22003011i 4500
003 - CONTROL NUMBER IDENTIFIER
control field
SA-RiAUC
005 - DATE AND TIME OF LATEST TRANSACTION
control field
20240918073912.0
008 - FIXED-LENGTH DATA ELEMENTS--GENERAL INFORMATION
fixed length control field
240917s2001 le g 00000 ara c
040 ## - CATALOGING SOURCE
Original cataloging agency
SA-MaUQU
Language of cataloging
ara
Transcribing agency
SA-RiAUC
Description conventions
rda
082 04 - DEWEY DECIMAL CLASSIFICATION NUMBER
Classification number
258
Item number
غ ز ن
100 1# - MAIN ENTRY--PERSONAL NAME
Personal name
الغزنوي، عمر بن إسحاق بن أحمد،
Dates associated with a name
704-773 هجري
Relator term
مؤلف.
245 10 - TITLE STATEMENT
Title
زبدة الأحكام في مذاهب الأئمة الأربعة الأعلام رضي الله عنهم أجمعين :
Remainder of title
أبو حنيفة، مالك، الشافعي، أحمد بن حنبل /
Statement of responsibility, etc.
عمر بن إسحاق سراج الدين الهندي ؛ تحقيق وتعليق عبد الله نذير أحمد مزي.
250 ## - EDITION STATEMENT
Edition statement
الطبعة الأولى.
264 #1 - PRODUCTION, PUBLICATION, DISTRIBUTION, MANUFACTURE, AND COPYRIGHT NOTICE
Place of production, publication, distribution, manufacture
بيروت :
Name of producer, publisher, distributor, manufacturer
مؤسسة الريان،
Date of production, publication, distribution, manufacture, or copyright notice
2001
300 ## - PHYSICAL DESCRIPTION
Extent
200 صفحة ؛
Dimensions
24 سم
336 ## - CONTENT TYPE
Content type term
نص
Content type code
txt
Source
rdacontent
Materials specified
كتاب
337 ## - MEDIA TYPE
Media type term
بدون وسيط
Media type code
n
Source
rdamedia
338 ## - CARRIER TYPE
Carrier type term
مجلد
Carrier type code
nc
Source
rdacarrier
600 17 - SUBJECT ADDED ENTRY--PERSONAL NAME
Personal name
الإمام ابن حنبل، أحمد محمد بن حنبل،
Dates associated with a name
164-241 هجري
Source of heading or term
aucnm
600 17 - SUBJECT ADDED ENTRY--PERSONAL NAME
Personal name
أبو حنيفة، النعمان بن ثابت التيمي،
Dates associated with a name
80-150 هجري
Source of heading or term
aucnm
600 17 - SUBJECT ADDED ENTRY--PERSONAL NAME
Personal name
الإمام الشافعي، محمد بن إدريس بن العباس،
Dates associated with a name
150-204 هجري
Source of heading or term
aucnm
600 17 - SUBJECT ADDED ENTRY--PERSONAL NAME
Personal name
الإمام مالك، مالك بن أنس بن مالك،
Dates associated with a name
93-179 هجري
Source of heading or term
aucnm
650 #7 - SUBJECT ADDED ENTRY--TOPICAL TERM
Topical term or geographic name entry element
الفقه الإسلامي
General subdivision
مذاهب
Source of heading or term
aucsh
650 #7 - SUBJECT ADDED ENTRY--TOPICAL TERM
Topical term or geographic name entry element
الفقه الإسلامي
General subdivision
مذاهب
Source of heading or term
aucsh
700 1# - ADDED ENTRY--PERSONAL NAME
Personal name
مزي، عبد الله نذير أحمد
Relator term
محقق.
942 ## - ADDED ENTRY ELEMENTS (KOHA)
Source of classification or shelving scheme
Dewey Decimal Classification
Koha item type
Books
949 ## - LOCAL PROCESSING INFORMATION (OCLC)
a
SA-JeALM
d
240917
u
mohamedma123
n
1
Holdings
Withdrawn status
Lost status
Source of classification or shelving scheme
Damaged status
Not for loan
Home library
Current library
Date acquired
Total checkouts
Full call number
Barcode
Date last seen
Price effective from
Koha item type
Dewey Decimal Classification
DR AbdElwahab Library
DR AbdElwahab Library
09/18/2024
258 غ ز ن
000000447
09/18/2024
09/18/2024
Books
Dewey Decimal Classification
DR AbdElwahab Library
DR AbdElwahab Library
09/18/2024
258 غ ز ن
000000448
09/18/2024
09/18/2024
Books
Place hold
Print
Add to your cart
(remove)
Save record
BIBTEX
Dublin Core
MARCXML
MARC (non-Unicode/MARC-8)
MARC (Unicode/UTF-8)
MARC (Unicode/UTF-8, Standard)
MODS (XML)
RIS
ISBD
More searches
Search for this title in:
Other Libraries (WorldCat)
Other Databases (Google Scholar)
Online Stores (Bookfinder.com)
Open Library (openlibrary.org)
Exporting to Dublin Core...
×
Simple DC-RDF
OAI-DC
SRW-DC